Представление документа в формате RUSMARC

ПолеНазваниеЗначение
  Тип записи a
  Библиографический уровень m
001 Контрольный номер 465839c8f21445dabc01ffbede481bda
005 Дата корректировки 20140707105808.6
010 Индекс ISBN __
a ISBN 5-93295-024-2
200 Заглавие и сведения об ответственности 1_
a Заглавие Расследование хищений, совершенных с использованием товарных кредитов
f Первые сведения об ответственности Комиссаров Владимир Иванович, Лапин Евгений Станиславович
210 Выходные данные 1_
a Место издания М.
c Издательство Юрлитинформ
d Дата издания 2001
215 Физическое описание __
a Объем 189 с.
225 Серия 2_
a Серия Б-ка криминалиста
610 Ключевые слова 0_
a Ключевые слова хищения
610 Ключевые слова 0_
a Ключевые слова расследование хищений
610 Ключевые слова 0_
a Ключевые слова товарный кредит
686 Индексы других классификаций __
a Классификационный индекс 67
2 Код системы rubbk
686 Индексы других классификаций __
a Классификационный индекс 67.629.341.3
2 Код системы rubbk
700 Автор _1
a Фамилия Комиссаров Владимир Иванович
701 Альтернативная интеллектуальная ответственность _1
a Фамилия Лапин Евгений Станиславович
801 Источник записи _0
a Страна RU
b Организация РУК
c Дата составления 20020206
g Правила каталогизации PSBO
801 Источник записи _1
a Страна RU
b Организация РУК
c Дата составления 20020206
g Правила каталогизации PSBO
852 Данные о местонахождении __
i Авторский знак К63
j Шифр хранения ББК 67
901 Тип документа __
t Тип документа m
938 Служебная информация __
a Название организации Головной вуз
b Имя БД BOOK
c Название АИБС АИБС ИРБИС